000 00611nam a2200217Ia 4500
005 20260429112111.0
008 260429s9999||||xx |||||||||||||| ||und||
020 _a9781774919385
041 _aEnglish
082 _a620.192
_bTAT
100 _aTatrishvili, Tamara
245 0 _aAdvanced topics in polymer chemistry and materials science /
_cTamara Tatrishvili
250 _a1st ed.
260 _aUSA :
_bApple Academic Press,
_c2025.
300 _axxiii, 399 p.; hb
650 _a Material science
650 _a Polymer
650 _aChemistry
700 _a Abadie, Marc Jean Medard
942 _cTB
999 _c52351
_d52351